Territory to Country - Statistics

General Stats
  • This quiz has been taken 40 times
  • The average score is 28 of 30
Answer Stats
Territory Home Country % Correct
21) Hong Kong China
100%
6) Sicily Italy
100%
25) Ibiza Spain
100%
27) Canary Islands Spain
100%
2) Cayman Islands United Kingdom
100%
5) Isle of Skye United Kingdom
100%
10) Anguilla United Kingdom
100%
24) St Helena United Kingdom
100%
29) Montserrat United Kingdom
100%
8) Greenland Denmark
97%
26) Faroe Islands Denmark
97%
11) New Caledonia France
97%
14) Guadalupe France
97%
19) Reunion Island France
97%
23) Tahiti France
97%
18) Crete Greece
97%
28) Svalbard Norway
97%
7) Azores Portugal
97%
1) St Croix United States
97%
9) Puerto Rico United States
97%
12) Northern Mariana Islands United States
97%
22) Guam United States
97%
15) Easter Island Chile
92%
16) Galapagos Ecuador
89%
3) Aruba Netherlands
89%
4) Gotland Sweden
89%
13) Lord Howe Island Australia
84%
20) Andaman Islands India
82%
17) Socotra Yemen
53%
30) Guadlcanal Solomon Islands
50%
No matching quizzes found
Score Distribution
Percent of People with Each Score
Percentile by Number Answered
Your Score History
You have not taken this quiz